000 00241nam a2200097Ia 4500
008 230915s9999 xx 000 0 und d
050 _a HG4063.V36 2002
100 _aVAN HORNE,JAMES C
245 0 _aFINACIAL MANAGEMENT AND POLICY
942 _cBK
999 _c86993
_d86993